| 000 | 00643cam a2200217 a 4500 | ||
|---|---|---|---|
| 001 | 2388818 | ||
| 005 | 20180111065029.0 | ||
| 008 | 850222s1985 ncua b 000 0 eng | ||
| 010 | _a 85060681 | ||
| 020 | _a0892780509 (pbk.) | ||
| 040 |
_aDLC _cDLC _dDLC |
||
| 041 | _aeng | ||
| 080 | _a599.734 PHI | ||
| 082 | 0 | 0 |
_a599.734 PHI _219 |
| 100 | 1 | _a11 | |
| 101 | _aBIO | ||
| 245 | 1 | 0 |
_aDissection of the fetal pig / _cRoger E. Phillips, Jr. ; illustrated by Sandra Shomaker ; consultant on art and anatomy, Kenneth W. Perkins. |
| 504 | _aBibliography: p. 55. | ||
| 906 |
_a7 _bcbc _corignew _d3 _eopcn _f19 _gy-gencatlg |
||
| 942 |
_2ddc _cBK |
||
| 999 |
_c40101 _d40101 |
||